000 00827pam a2200229 a 4500
001 3417631
005 20180226072334.0
008 900412s1991 caua b 001 0 eng
010 _a 90055296
020 _a0062506781 (alk. paper) :
_c$16.00 ($21.50 Can.)
040 _aDLC
_cDLC
_dDLC
041 _aeng
080 _a155.264 car
082 0 0 _a155.264 car
_220
100 1 _a49
101 _apsi
245 1 0 _aAwakening the heroes within :
_cCarol S. Pearson.
504 _aIncludes bibliographical references and index.
906 _a7
_bcbc
_corignew
_d1
_eocip
_f19
_gy-gencatlg
942 _2ddc
_cBK
999 _c43452
_d43452